Normal view
MARC view
Entry Término temático
001 - NÚMERO DE CONTROL
- campo de control: 52020
003 - IDENTIFICADOR DEL NÚMERO DE CONTROL
- campo de control: OSt
005 - FECHA Y HORA DE LA ÚLTIMA TRANSACCIÓN
- campo de control: 20260119115409.0
008 - DATOS DE LONGITUD FIJA
- campo de control de longitud fija: 260119|| aca||aabn | a|a d
040 ## - FUENTE DE LA CATALOGACIÓN
- Centro catalogador/agencia de origen: OSt
- Centro/agencia transcriptor: OSt
150 ## - ENCABEZAMIENTO--TÉRMINO DE MATERIA
- Término de materia o nombre geográfico como elemento de entrada: Diccionario trilingüe
670 ## - FUENTE DE DATOS ENCONTRADOS
- Cita de la fuente: Work cat.: (OSt): Horberger S., Esteban / Horberger H., Nancy 52019, Diccionario Trilingue Quechua de Cusco :, 2021